Shikarasurya (Record no. 134590)
[ view plain ]
| 000 -LEADER | |
|---|---|
| fixed length control field | 04198nam a2200229Ia 4500 |
| 003 - CONTROL NUMBER IDENTIFIER | |
| control field | OSt |
| 005 - DATE AND TIME OF LATEST TRANSACTION | |
| control field | 20251117102941.0 |
| 008 - FIXED-LENGTH DATA ELEMENTS--GENERAL INFORMATION | |
| fixed length control field | 210210b2007 xxu||||| |||| 00| 0 eng d |
| 040 ## - CATALOGING SOURCE | |
| Transcribing agency | AL |
| 041 ## - LANGUAGE CODE | |
| Language code of text/sound track or separate title | Kannada |
| 082 ## - DEWEY DECIMAL CLASSIFICATION NUMBER | |
| Classification number | K894.3 CHAS |
| 100 ## - MAIN ENTRY--PERSONAL NAME | |
| Personal name | CHANDRASHEKARA KAMBARA |
| Dates associated with a name | ಚಂದ್ರಶೇಖರ ಕಂಬಾರ |
| 9 (RLIN) | 198883 |
| 245 ## - TITLE STATEMENT | |
| Title | Shikarasurya |
| Remainder of title | ಶಿಖರಸೂರ್ಯ |
| 260 ## - PUBLICATION, DISTRIBUTION, ETC. | |
| Place of publication, distribution, etc. | Bengaluru |
| Name of publisher, distributor, etc. | Ankita Pustaka |
| Date of publication, distribution, etc. | 2007 |
| 300 ## - PHYSICAL DESCRIPTION | |
| Extent | 464 |
| 520 ## - SUMMARY, ETC. | |
| Summary, etc. | ಕವಿ- ನಾಟಕಕಾರ ಚಂದ್ರಶೇಖರ ಕಂಬಾರ ಅವರ ಮಹತ್ವದ ಕಾದಂಬರಿಯಿದು. ಕಂಬಾರರ ಚಕೋರಿ ಮಹಾಕಾವ್ಯದ ಮುಂದುವರೆದ ಭಾಗ ಎಂದು ಕೂಡ ಓದಬಹುದಾದ ಈ ಕಾದಂಬರಿಯು ಅಪಾರ ಜನಮೆಚ್ಚುಗೆಗೆ ಪಾತ್ರವಾಗಿದೆ. ಜಾಗತೀಕರಣದ ಕಾಲಘಟ್ಟದಲ್ಲಿ ರಚಿತವಾದ ಈ ಕಾದಂಬರಿಯು ಪಂಡಿತ-ಪಾಮರರಿಬ್ಬರಿಗೂ ಪ್ರಿಯವಾಗಿದೆ. ಈ ಕಾದಂಬರಿಗೆ ಟ್ಯಾಗೋರ್ ಸಾಹಿತ್ಯ ಪ್ರಶಸ್ತಿ ದೊರೆತಿದೆ.<br/><br/>ಕವಿ ನಾಟಕಕಾರ ಎಚ್.ಎಸ್. ಶಿವಪ್ರಕಾಶ್ ಅವರು ಶಿಖರಸೂರ್ಯದ ಬಗ್ಗೆ ’ಇಂದಿನ ಗೋಳೀಕೃತ (ಗ್ಲೋಬಲೈಸ್) ಜಗತ್ತಿನ ಒಣ ಗತ್ತುಗಳನ್ನು, ತಂತ್ರಜ್ಞಾನದ ಠೇಂಕಾರಗಳನ್ನು, ಈ ಮೃತ್ಯುವಿನ ಸ್ಥಿತಿಯಲ್ಲಡಗಿರುವ ಮರುಹುಟ್ಟಿನ ಅಸೀಮ ಸಾಧ್ಯತೆಗಳನ್ನು ಇಷ್ಟು ಸಮಗ್ರವಾಗಿ ಹಿಡಿದಿಡುವ ಕೃತಿಗಳು ನನಗೆ ಗೊತ್ತಿದ್ದ ಮಟ್ಟಿಗೆ ಇವತ್ತಿನ ಸಾಹಿತ್ಯದಲ್ಲಿ ವಿರಳ’ ಎಂದು ಅಭಿಪ್ರಾಯ ಪಟ್ಟರೆ, ಲೇಖಕ-ಚಿತ್ರ ನಿರ್ದೇಶಕ ಎನ್.ಎಸ್. ಶಂಕರ್ ಅವರು ’ ಕನ್ನಡದಲ್ಲಿ 'ಮಲೆಗಳಲ್ಲಿ ಮದುಮಗಳು' ಆದಮೇಲೆ ಮನಸ್ಸಿನಲ್ಲಿ ಊರಿ ನಿಲ್ಲುವ ಕೃತಿ ಶಿಖರಸೂರ್ಯವೇ. ಹಾಗೆ ಇದು ಕನ್ನಡವಷ್ಟೇ ಅಲ್ಲ, ಭಾರತೀಯ ಕಾದಂಬರಿ ಪರಂಪರೆ ಯಲ್ಲೇ ಗಣ್ಯಸ್ಥಾನ ಪಡೆದು ನಿಲ್ಲುವ ಕೃತಿ ’ಎಂದು ಮೆಚ್ಚಿಗೆ ಸೂಚಿಸಿದ್ದಾರೆ.<br/><br/>ವಿಮರ್ಶಕ ಮಾಧವ ಕುಲಕರ್ಣಿ ಅವರು ’ಸಾಹಿತ್ಯದಲ್ಲಿ ಒಮ್ಮೊಮ್ಮೆ ಹೊಸ ದಾರಿಯನ್ನು ತೆರೆದು ತೋರುವ ಕೃತಿಗಳು ಸಂಭವಿಸುತ್ತವೆ. ಅಂಥ ಒಂದು ಘಟನೆ “ಶಿಖರಸೂರ್ಯ' ಕಾದಂಬರಿ, ದಾರ್ಶನಿಕ ನಿಲುವೆಂದರೇನೆಂಬುದನ್ನು ಅರಿಯಲು ಉತ್ಸುಕರಾಗಿರುವವರು ಈ ಕಾದಂಬರಿಯನ್ನು ಒಮ್ಮೆ ಓದಬೇಕು’ ಎಂದು ಅಭಿಪ್ರಾಯಪಟ್ಟರೆ ಲೇಖಕ ಮಾಧವ ಪೆರಾಜೆ ಅವರು ’ಭುವನದ ಭಾಗ್ಯವೆನ್ನುವಂತೆ 'ಶಿಖರಸೂರ್ಯ' ಈಗ ಉದಯವಾಗಿದೆ. ಕುಮಾರವ್ಯಾಸ ತಾನು 'ಕಾವ್ಯಕ್ಕೆ ಗುರುವೆನಲು' ಕರ್ಣಾಟ ಭಾರತ ಕಥಾಮಂಜರಿಯನ್ನು ರಚಿಸಿದಾಗ ಹೇಳುತ್ತಾನೆ. ಚಂದ್ರಶೇಖರ ಕಂಬಾರರು ಹಾಗೆ ಹೇಳಿಕೊಂಡಿಲ್ಲ. ಆದುದರಿಂದಲೇ ಅದು ಕಾವ್ಯಕ್ಕೆ ಗುರುವೆನೆಲು ರಚಿಸಿದ ಕಾವ್ಯ/ಕಾದಂಬರಿ’ ಎಂದು ಹಾಡಿ ಹೊಗಳಿದ್ದಾರೆ. |
| 650 ## - SUBJECT ADDED ENTRY--TOPICAL TERM | |
| Topical term or geographic name entry element | Shikarasurya |
| 9 (RLIN) | 198884 |
| 650 ## - SUBJECT ADDED ENTRY--TOPICAL TERM | |
| Topical term or geographic name entry element | Kadambari |
| 9 (RLIN) | 198885 |
| 690 ## - LOCAL SUBJECT ADDED ENTRY--TOPICAL TERM (OCLC, RLIN) | |
| Topical term or geographic name as entry element | Kannada Fiction |
| 9 (RLIN) | 198886 |
| 906 ## - LOCAL DATA ELEMENT F, LDF (RLIN) | |
| a | 063145 |
| 942 ## - ADDED ENTRY ELEMENTS (KOHA) | |
| Source of classification or shelving scheme | Dewey Decimal Classification |
| Koha item type | Book |
| Withdrawn status | Lost status | Source of classification or shelving scheme | Damaged status | Not for loan | Collection code | Home library | Current library | Date acquired | Source of acquisition | Cost, normal purchase price | Total Checkouts | Total Renewals | Full call number | Barcode | Date last seen | Date last checked out | Price effective from | Koha item type |
|---|---|---|---|---|---|---|---|---|---|---|---|---|---|---|---|---|---|---|
| Dewey Decimal Classification | Kannada | St Aloysius Library | St Aloysius Library | 02/17/2021 | Athree Book Centre,Mangalore | 225.00 | 2 | 2 | K894.3 CHAS | 063145 | 10/19/2022 | 10/08/2022 | 02/17/2021 | Book |